| 000 | 01294nam1a2200301 4500 | ||
|---|---|---|---|
| 001 | RU\NLR\BIBL_A\016261586 | ||
| 005 | 20250807185139.0 | ||
| 035 | _a(NLR Aleph) 016261586 | ||
| 090 |
_a76570 _c76570 |
||
| 100 | _a20230118d1941 d y0rusy50 ca | ||
| 101 | 0 | _aava | |
| 102 | _aRU | ||
| 105 | _ay z 000 y | ||
| 181 | 0 |
_ai _baxxe |
|
| 182 | 0 | _an | |
| 200 | 1 |
_aАвар мацӀалъул грамматика _eтӀурачӀел гьоркьохел ва гьоркьлхел школазе учебник _fМ. Саидов |
|
| 203 |
_aТекст _bвизуальный _cнепосредственный |
||
| 210 |
_aМахачкала _cДаггосиздат _d1941 |
||
| 215 | _d22 | ||
| 541 | 1 |
_aГрамматика аварского языка _eучеб. для неполной сред. и сред. шк. _zrus |
|
| 606 | 1 |
_aАварский язык _jУчебники для средней школы _2nlr_sh1 _2nlr_sh2 _3RU\NLR\AUTH\66110089 |
|
| 689 | 1 | _aШ160.321-922 | |
| 700 | 1 |
_aСаидов _bМ.-С.Д. _f1902-1985 _gМагомед-Саид Джамалудинович _4070 |
|
| 852 |
_aNLR _bОНЛ _jАвар./3-223 |
||
| 942 | _cBOOK | ||
| 945 | _aРоссийская национальная библиотека | ||
| 980 | _aBV | ||